Witcher Book Series - Statistics

General Stats
  • This quiz has been taken 208 times
  • The average score is 5 of 7
Answer Stats
# Published Book % Correct
1 1993 The Last Wish
94%
2 1992 Sword of Destiny
89%
3 1994 Blood of Elves
79%
7 1999 Lady of the Lake
65%
4 1995 Time of Contempt
62%
6 1997 The Tower of Swallows
59%
5 1996 Baptism of Fire
56%
No matching quizzes found
Score Distribution
Percent of People with Each Score
Percentile by Number Answered
Your Score History
You have not taken this quiz